01386ngm a2200241 a 450000500170000000800410001704100080005808200140006611000290008024500700010925000180017930000450019749000350024252005610027765000460083865000540088465000460093826400370098433600270102133700330104833800280108104000350110920220317001828.0170410s2005 c g 000 0 spa  aspa04a930bD37m2 aDiscovery Communications10aMaravillas antiguascDiscovery Communicationshvideodisco digital a1a. edición a1 DVD (30 minutos)bsonido, colorc19 cm aDiscovery Channel. Educación aHistorias maravillosas de civilizaciones del pasado en el mar Egeo, Perú y China. Los misterios de Minoan, ¿está la Atlántida en la ciudad de Minoan? ¿desapareció por una erupción volcánica?. La civilación Moche: en la costa norte del Perú, ¿por quédesapareció esta gran civilización?. China: vea como un mundo cambiante y los actos de agresión extranjera, llevaron al final del último emperador de la Dinastía Ming. Caligrafía: la postura, control, ritmo y balance son importantes para que las letras fluyan como una danza142LEMBaCaligrafíaxHistoriayVideodiscos142LEMBaCivilización chinavVideodiscosxHistoria142LEMBaCivilización antiguavVideodiscos a[Bogotá]bMS Tv & Videosc2005 atextobtxt2rdacontent asin mediaciónbn2rdamedia avolumenbnc2rdacarrier aCO-BoRNBPbspaerdacCO-BoRNBP